[Event "Bayerische EM 2021 - Männer"]
[Site "Schney"]
[Date "2021.08.28"]
[Round "9.10"]
[White "Böhme, Markus"]
[Black "Schatz, Christian"]
[Result "1-0"]
[WhiteElo "2114"]
[BlackElo "2186"]
[PlyCount "86"]
[EventDate "2021.??.??"]
[WhiteTeam "SC Uttenreuth"]
[BlackTeam "SC Postbauer-Heng"]

1. e4 c5 2. Nf3 Nc6 3. d4 cxd4 4. Nxd4 g6 5. c4 Bg7 6. Be3 Nf6 7. Nc3 O-O 8.
Be2 d6 9. O-O Bd7 10. h3 Nxd4 11. Bxd4 Bc6 12. Qc2 Nd7 13. Bxg7 Kxg7 14. Rad1
a5 15. Bg4 Ne5 16. c5 Nxg4 17. hxg4 Qc8 18. cxd6 exd6 19. f3 Qe6 20. Nd5 Bxd5
21. Rxd5 Rfc8 22. Qd2 Rc6 23. Rc1 a4 24. Rxc6 bxc6 25. Qc3+ Kg8 26. Qxc6 Rc8
27. Qxd6 Rc1+ 28. Kh2 Qxd6+ 29. Rxd6 Rc2 30. Ra6 Rc4 31. g5 Rb4 32. Kg3 Kg7 33.
a3 Rxb2 34. Rxa4 h6 35. gxh6+ Kxh6 36. Ra7 Kg7 37. f4 Kf6 38. a4 Kg7 39. a5 Ra2
40. e5 Kf8 41. Kf3 Ra3+ 42. Kg4 Ra2 43. Kg5 Rxg2+ 1-0

[Event "Bayerische EM 2021 - Männer"]
[Site "Schney"]
[Date "2021.08.28"]
[Round "9.11"]
[White "Bunk, Wolfgang"]
[Black "Heimrath, Reiner"]
[Result "0-1"]
[WhiteElo "2025"]
[BlackElo "2170"]
[PlyCount "58"]
[EventDate "2021.??.??"]
[WhiteTeam "SC Bavaria Regensburg"]
[BlackTeam "SC N-T Nürnberg"]

1. d4 d6 2. Nf3 Nc6 3. c4 e5 4. e3 e4 5. Nfd2 f5 6. Nc3 Nf6 7. Be2 g6 8. g4
Nxg4 9. Ndxe4 Nh6 10. Ng3 Bg7 11. Bf3 f4 12. Nge2 fxe3 13. Bxe3 Nf5 14. Qd2 O-O
15. Bd5+ Kh8 16. O-O-O Nxe3 17. Qxe3 Qh4 18. f4 Bg4 19. Bf3 Rae8 20. Ne4 Re7
21. Rhg1 Bf5 22. Qf2 Qxf2 23. Nxf2 Re3 24. Rg3 Na5 25. b3 Rfe8 26. Kd2 Nc6 27.
d5 Nd4 28. Nxd4 Bxd4 29. Ng4 Rxf3 0-1

[Event "Bayerische EM 2021 - Männer"]
[Site "Schney"]
[Date "2021.08.28"]
[Round "9.12"]
[White "Schmid, Franz"]
[Black "Stöckl, Stephan"]
[Result "1/2-1/2"]
[WhiteElo "2197"]
[BlackElo "2061"]
[PlyCount "137"]
[EventDate "2021.??.??"]
[WhiteTeam "SK Passau"]
[BlackTeam "SK Schwandorf"]

1. e4 c5 2. Nf3 e6 3. d4 cxd4 4. Nxd4 Nf6 5. Nc3 Nc6 6. Ndb5 Bb4 7. a3 Bxc3+ 8.
Nxc3 d5 9. exd5 exd5 10. Bd3 O-O 11. O-O d4 12. Ne2 Bg4 13. Bg5 Qd6 14. Qd2
Bxe2 15. Qxe2 Rfe8 16. Qf3 Ne5 17. Qg3 Nh5 18. Qh3 Nxd3 19. Qxd3 Nf4 20. Bxf4
Qxf4 21. Rfe1 Rxe1+ 22. Rxe1 h6 23. g3 Qc7 24. Rd1 Qc6 25. Re1 Rc8 26. Re2 Qc5
27. Re4 g6 28. Re2 Qb6 29. b4 Rc3 30. Re8+ Kg7 31. Qe4 Qf6 32. a4 Rc7 33. b5
Rd7 34. a5 Qg5 35. Re5 Qf6 36. h4 d3 37. cxd3 Rxd3 38. Re8 Rd2 39. Qe3 Rb2 40.
Qc5 Rb1+ 41. Kg2 Qa1 42. Qf8+ Kf6 43. Kf3 Rb3+ 44. Kg2 Rb1 45. Qd6+ Kg7 46. Rc8
Rg1+ 47. Kf3 Qd1+ 48. Qxd1 Rxd1 49. Rc7 Ra1 50. Rxb7 Rxa5 51. Ke4 Kf6 52. Kd4
Ke6 53. Kc5 Ra2 54. Kb4 h5 55. f4 f6 56. Rc7 Rb2+ 57. Ka4 Ra2+ 58. Kb3 Ra1 59.
Rc3 Kd5 60. Rc6 Rb1+ 61. Ka4 Ra1+ 62. Kb3 Rb1+ 63. Ka3 Rxb5 64. Rxf6 Rb6 65.
Rf7 Ra6+ 66. Kb4 Ke6 67. Rc7 Kf6 68. Rc5 Ra1 69. Rg5 1/2-1/2

[Event "Bayerische EM 2021 - Männer"]
[Site "Schney"]
[Date "2021.08.28"]
[Round "9.13"]
[White "Willim, Michael"]
[Black "Salvermoser, Bernd"]
[Result "1-0"]
[WhiteElo "2076"]
[BlackElo "2178"]
[PlyCount "115"]
[EventDate "2021.??.??"]
[WhiteTeam "SC Erlangen"]
[BlackTeam "SK Penzberg"]

1. d4 Nf6 2. c4 c5 3. d5 e5 4. Nc3 d6 5. e4 Be7 6. Nf3 Nbd7 7. h3 Nf8 8. Be3
Ng6 9. Qd2 h5 10. g3 Bd7 11. Bd3 a6 12. a4 Qc8 13. Ng1 h4 14. g4 O-O 15. Nf3
Bd8 16. Kd1 Nh7 17. Kc2 Ba5 18. Qe2 Qd8 19. Nd1 Qe7 20. Bc1 Rae8 21. Ne3 Nf4
22. Qf1 g6 23. Ng2 Nxg2 24. Qxg2 g5 25. Nh2 Ra8 26. Nf1 Qe8 27. b3 b5 28. axb5
axb5 29. Ne3 Qb8 30. Nf5 bxc4 31. Bxc4 Qb4 32. Qf3 Bxf5 33. gxf5 f6 34. Ra4 Qb6
35. Be3 Bb4 36. Rha1 Ra5 37. Rxa5 Bxa5 38. Ra4 Rf7 39. Qd1 Ra7 40. Qa1 Qc7 41.
Kd3 Bb6 42. Rxa7 Bxa7 43. f3 Bb8 44. Qa4 Kf8 45. Bd2 Ke7 46. Qa6 Kf7 47. Bb5
Nf8 48. Kc4 Kg8 49. Ba5 Qa7 50. Qxa7 Bxa7 51. Bc7 g4 52. fxg4 Nh7 53. Bxd6 Ng5
54. Bxc5 Bxc5 55. Kxc5 Nxh3 56. d6 Kf8 57. Kc6 Ng5 58. Be2 1-0

[Event "Bayerische EM 2021 - Männer"]
[Site "Schney"]
[Date "2021.08.28"]
[Round "9.14"]
[White "Homi, Joseph"]
[Black "Wunder, Stefan"]
[Result "1-0"]
[WhiteElo "2103"]
[BlackElo "2024"]
[PlyCount "73"]
[EventDate "2021.??.??"]
[WhiteTeam "SGem 1882 Fürth"]
[BlackTeam "FC Nordhalben"]

1. e4 g6 2. d4 Bg7 3. Nc3 d6 4. f4 a6 5. Nf3 Nd7 6. Bd3 c5 7. d5 b5 8. a4 Qa5
9. O-O b4 10. Nb1 c4 11. Be2 Qc5+ 12. Kh1 a5 13. c3 Ngf6 14. Nbd2 Ba6 15. Nd4
Nb6 16. Qc2 b3 17. Qb1 Nfd7 18. N2f3 Qc7 19. Be3 Nc5 20. Nc6 Bb7 21. Bxc5 dxc5
22. Nce5 Ba6 23. Qe1 f6 24. Ng4 h5 25. Nf2 Qxf4 26. g3 Qc7 27. Nh4 g5 28. Nf5
Bf8 29. Nd1 g4 30. Nde3 Qe5 31. Rf4 Bh6 32. Nxh6 Rxh6 33. Qf1 Bb7 34. Bxc4 e6
35. Bxb3 exd5 36. Qb5+ Nd7 37. Qxb7 1-0

[Event "Bayerische EM 2021 - Männer"]
[Site "Schney"]
[Date "2021.08.28"]
[Round "9.15"]
[White "Brunner, Tobias"]
[Black "Kanewski, Josef"]
[Result "1-0"]
[WhiteElo "1998"]
[BlackElo "2084"]
[PlyCount "115"]
[EventDate "2021.??.??"]
[WhiteTeam "SC Windischeschenbach"]
[BlackTeam "SK Weiden"]

1. e4 c5 2. Nc3 Nc6 3. g3 g6 4. Bg2 Bg7 5. d3 d6 6. f4 e6 7. Nf3 Nge7 8. O-O
O-O 9. Ne2 f5 10. c3 Bd7 11. Be3 b5 12. e5 dxe5 13. Nxe5 Bxe5 14. fxe5 c4 15.
d4 Nd5 16. Bh6 Rf7 17. Qd2 Nce7 18. Bg5 Bc6 19. Nf4 Nxf4 20. Rxf4 Bxg2 21. Qxg2
Qd5 22. Qe2 Rb8 23. a3 a5 24. g4 Kf8 25. h4 Ke8 26. Raf1 Kd7 27. Qh2 Rbf8 28.
Qd2 Ke8 29. Bh6 Rg8 30. Bg5 Qb7 31. Bxe7 Rxe7 32. Kh2 Rf7 33. a4 bxa4 34. Qc2
Qb5 35. Ra1 Rb7 36. Rf2 Kf7 37. gxf5 gxf5 38. Rxf5+ exf5 39. Qxf5+ Ke7 40.
Qxh7+ Kd8 41. Qxg8+ Kc7 42. Rg1 Qxb2+ 43. Rg2 Qxc3 44. Rg7+ Kb6 45. Qd8+ Ka7
46. Rxb7+ Kxb7 47. Qd7+ Kb6 48. e6 Qd2+ 49. Kg3 Qe3+ 50. Kg4 a3 51. Qd6+ Kb7
52. Qd5+ Kb6 53. Qc5+ Kb7 54. Qb5+ Kc7 55. Qxc4+ Kd6 56. Qa6+ Kd5 57. Qb5+ Kd6
58. Qd7# 1-0

[Event "Bayerische EM 2021 - Männer"]
[Site "Schney"]
[Date "2021.08.28"]
[Round "9.17"]
[White "Bruss, Robert"]
[Black "Sesselmann, Christoph"]
[Result "1/2-1/2"]
[WhiteElo "1800"]
[BlackElo "1887"]
[PlyCount "98"]
[EventDate "2021.??.??"]
[WhiteTeam "SGem 1882 Fürth"]
[BlackTeam "SK Kulmbach"]

1. d4 d5 2. c4 dxc4 3. e4 e5 4. Nf3 exd4 5. Bxc4 Nc6 6. Nbd2 Nf6 7. Qb3 Qd7 8.
Bb5 Bc5 9. Ne5 Qe6 10. Qxe6+ fxe6 11. b4 Bxb4 12. Nxc6 Bxd2+ 13. Bxd2 a6 14.
Nxd4+ axb5 15. Nxb5 Kd8 16. f3 Bd7 17. Nc3 Kc8 18. O-O-O Bc6 19. Kb2 Nd7 20.
Be3 b5 21. Bd4 Kb7 22. Rd2 Nb6 23. Bxb6 Kxb6 24. Ne2 e5 25. Nc1 Ra4 26. Nd3
Rha8 27. Kb1 Bd7 28. Rc1 Rd4 29. Rcd1 Be6 30. Nc1 c5 31. Nb3 Bxb3 32. axb3 Rad8
33. Rxd4 exd4 34. Kc2 c4 35. bxc4 bxc4 36. Rb1+ Kc5 37. Ra1 Rb8 38. Ra5+ Rb5
39. Rxb5+ Kxb5 40. e5 Kc5 41. f4 Kd5 42. Kd2 Ke6 43. Kc2 g5 44. g3 Kf5 45. Kd2
Ke6 46. Kc2 Kd5 47. Kd2 g4 48. Kc2 d3+ 49. Kc3 Ke6 1/2-1/2

[Event "Bayerische EM 2021 - Männer"]
[Site "Schney"]
[Date "2021.08.28"]
[Round "9.18"]
[White "Heimerl, Detlev"]
[Black "Bratu, Mircea"]
[Result "1-0"]
[WhiteElo "1940"]
[BlackElo "1715"]
[PlyCount "75"]
[EventDate "2021.??.??"]
[WhiteTeam "SF Kirchenlamitz"]
[BlackTeam "SG Schwabing München"]

1. d4 d5 2. e3 Nf6 3. Bd3 c5 4. c3 Nc6 5. f4 Bg4 6. Nf3 e6 7. O-O Bd6 8. Qe1
O-O 9. Ne5 Bf5 10. Qe2 Bxd3 11. Qxd3 Ne4 12. Nd2 f5 13. Ndf3 Bxe5 14. fxe5 Qa5
15. a4 c4 16. Qc2 b5 17. Bd2 b4 18. Rfb1 Rab8 19. Be1 Rb7 20. b3 bxc3 21. bxc4
Rfb8 22. Rb5 Rxb5 23. cxb5 Nb4 24. Qb3 Rc8 25. Rd1 Rc4 26. h3 Qc7 27. Kh2 Nd3
28. Qc2 Nb2 29. Ra1 Rxa4 30. Rxa4 Nxa4 31. Qxa4 c2 32. b6 Qc8 33. b7 Qb8 34.
Qxc2 Qxb7 35. Qa4 Kf7 36. Bh4 Nc3 37. Ng5+ Kg6 38. Qe8+ 1-0

[Event "Bayerische EM 2021 -  Frauen"]
[Site "Schney"]
[Date "2021.08.22"]
[Round "1.2"]
[White "Albayrak, Aylin"]
[Black "Roos, Karin"]
[Result "0-1"]
[WhiteElo "1697"]
[BlackElo "1738"]
[PlyCount "96"]
[EventDate "2021.??.??"]
[WhiteTeam "SC N-T Nürnberg"]
[BlackTeam "FC Bayern München"]

1. d4 g6 2. c4 Bg7 3. Nc3 c6 4. e4 e6 5. Nf3 Ne7 6. Be2 O-O 7. O-O d5 8. e5 f6
9. Bf4 Nd7 10. Qd2 Nf5 11. cxd5 exd5 12. Rfe1 fxe5 13. dxe5 Nc5 14. Nd4 Nxd4
15. Bg5 Nxe2+ 16. Rxe2 Qc7 17. f4 Bf5 18. Rc1 Qb6 19. Kh1 Rae8 20. Bh4 Qa6 21.
Re3 Ne6 22. Ree1 Qd3 23. Qf2 Qd4 24. Qxd4 Nxd4 25. Bf2 Ne6 26. g3 Bh3 27. Bxa7
Ra8 28. Bf2 d4 29. Ne4 Rxa2 30. Rc2 Rfa8 31. Kg1 Ra1 32. Rd2 Bf8 33. Nd6 b6 34.
Red1 c5 35. Nc4 Rxd1+ 36. Rxd1 b5 37. Na3 b4 38. Nc4 g5 39. f5 Bxf5 40. Kg2
Be4+ 41. Kf1 Bf3 42. Rc1 g4 43. Ke1 Bh6 44. Nd2 c4 45. Rb1 c3 46. bxc3 bxc3 47.
Nxf3 gxf3 48. Kd1 d3 0-1

[Event "Bayerische EM 2021 -  Frauen"]
[Site "Schney"]
[Date "2021.08.22"]
[Round "1.3"]
[White "Perez Celis, Alba"]
[Black "Spiel, Marianne"]
[Result "0-1"]
[WhiteElo "1860"]
[BlackElo "1869"]
[PlyCount "62"]
[EventDate "2021.??.??"]
[WhiteTeam "SK Bad Neustadt"]
[BlackTeam "FC Bayern München"]

1. e4 e6 2. d4 d5 3. e5 c5 4. c3 Bd7 5. dxc5 Bxc5 6. Nf3 Nc6 7. Bd3 f6 8. b4
Bb6 9. b5 Nce7 10. O-O fxe5 11. Nxe5 Nf6 12. Nd2 O-O 13. Ndf3 Rc8 14. Bd2 Be8
15. Nd4 Qd6 16. Re1 Bh5 17. Qa4 Bg6 18. Nxg6 Nxg6 19. Rxe6 Qd7 20. Rae1 Qf7 21.
Bxg6 Qxg6 22. h3 Rc4 23. Qa3 Qd3 24. Rxf6 Rxf6 25. Re8+ Kf7 26. Re7+ Kg6 27.
Qb2 Bxd4 28. cxd4 Rc2 29. Re3 Qxd2 30. Rg3+ Kh6 31. Qa3 Qc1+ 0-1

[Event "Bayerische EM 2021 -  Frauen"]
[Site "Schney"]
[Date "2021.08.22"]
[Round "1.4"]
[White "Braun, Kristin"]
[Black "Albayrak, Berrak"]
[Result "1/2-1/2"]
[WhiteElo "1925"]
[BlackElo "1484"]
[PlyCount "107"]
[EventDate "2021.??.??"]
[WhiteTeam "SC Jäklechemie Nbg."]
[BlackTeam "SC N-T Nürnberg"]

1. e4 d6 2. c4 Nf6 3. Nc3 g6 4. d4 Bg7 5. Nf3 O-O 6. Be2 c6 7. O-O Qc7 8. Bg5
Nbd7 9. Qd2 Re8 10. Rac1 e5 11. d5 Nc5 12. Qc2 a5 13. b3 Nh5 14. Nd2 Nf4 15.
Bh4 f5 16. f3 h6 17. a3 g5 18. Bf2 Nxe2+ 19. Nxe2 f4 20. b4 axb4 21. axb4 Nd7
22. Qb3 Nf6 23. Nc3 Kh8 24. Na4 g4 25. Nb6 Rb8 26. c5 dxc5 27. bxc5 cxd5 28.
exd5 Bf8 29. Rfe1 Qg7 30. Qc3 g3 31. hxg3 fxg3 32. Be3 Qg6 33. Nf1 Bf5 34. Rcd1
Kh7 35. f4 Ne4 36. Qc1 exf4 37. Bxf4 Bxc5+ 38. Be3 Bxe3+ 39. Qxe3 Nf2 40. Qxg3
Qxg3 41. Nxg3 Nxd1 42. Rxd1 Bg4 43. Rd4 h5 44. d6 Rbd8 45. Ne4 Kg6 46. d7 Re6
47. Nd5 Ra6 48. Nc5 Ra1+ 49. Kh2 Rd1 50. Rxd1 Bxd1 51. Nb6 Bg4 52. Nxb7 Rxd7
53. Nxd7 Bxd7 54. Nc5 1/2-1/2

[Event "Bayerische EM 2021 -  Frauen"]
[Site "Schney"]
[Date "2021.08.22"]
[Round "1.5"]
[White "Homfeldt, Maren"]
[Black "Racky, Selina"]
[Result "0-1"]
[WhiteElo "1162"]
[BlackElo "1309"]
[PlyCount "76"]
[EventDate "2021.??.??"]
[WhiteTeam "SC N-T Nürnberg"]
[BlackTeam "SG Vogtareuth-Prutting"]

1. b3 d5 2. h3 Bf5 3. d3 e6 4. Nf3 Nd7 5. Bf4 h6 6. Ne5 Ngf6 7. e3 Nxe5 8. Bxe5
Bd6 9. Bxf6 Qxf6 10. d4 O-O 11. a3 Qg6 12. Bd3 Qxg2 13. Kd2 Qxf2+ 14. Qe2 Qxe2+
15. Kxe2 Bxd3+ 16. cxd3 c5 17. Nd2 cxd4 18. e4 Rfe8 19. a4 Rac8 20. Rac1 Bf4
21. Kd1 Rxc1+ 22. Kxc1 Rc8+ 23. Kd1 Bxd2 24. Kxd2 Rc3 25. Rb1 dxe4 26. dxe4
Rxh3 27. b4 Rg3 28. a5 h5 29. Rc1 Rb3 30. Rc8+ Kh7 31. Rc4 e5 32. Kc2 Rc3+ 33.
Rxc3 dxc3 34. Kxc3 h4 35. b5 h3 36. b6 axb6 37. axb6 h2 38. Kd3 h1=Q 0-1

[Event "Bayerische EM 2021 -  Frauen"]
[Site "Schney"]
[Date "2021.08.23"]
[Round "2.1"]
[White "Spiel, Marianne"]
[Black "Braun, Kristin"]
[Result "1/2-1/2"]
[WhiteElo "1869"]
[BlackElo "1925"]
[PlyCount "57"]
[EventDate "2021.??.??"]
[WhiteTeam "FC Bayern München"]
[BlackTeam "SC Jäklechemie Nbg."]

1. e4 c5 2. Nf3 d6 3. d4 cxd4 4. Nxd4 Nf6 5. Nc3 g6 6. Be3 Bg7 7. f3 O-O 8. Qd2
Nc6 9. Bc4 Nxd4 10. Bxd4 Be6 11. Bxe6 fxe6 12. O-O-O Qa5 13. Kb1 Rac8 14. Nd5
Qxd2 15. Nxf6+ Bxf6 16. Rxd2 Bxd4 17. Rxd4 a5 18. Re1 Rc5 19. Re3 Rh5 20. h3
Rg5 21. Rd2 Rc5 22. a4 Rc4 23. b3 Rc5 24. c4 g5 25. Kb2 h5 26. Kc3 Rfc8 27. Kd3
Kf7 28. Ke2 Kg6 29. Kf2 1/2-1/2

[Event "Bayerische EM 2021 -  Frauen"]
[Site "Schney"]
[Date "2021.08.23"]
[Round "2.2"]
[White "Roos, Karin"]
[Black "Perez Celis, Alba"]
[Result "1-0"]
[WhiteElo "1738"]
[BlackElo "1860"]
[PlyCount "87"]
[EventDate "2021.??.??"]
[WhiteTeam "FC Bayern München"]
[BlackTeam "SK Bad Neustadt"]

1. e4 e5 2. Nf3 Nc6 3. d4 exd4 4. Nxd4 Bc5 5. Be3 Qf6 6. c3 d6 7. Bc4 Ne5 8.
Be2 Ne7 9. Nd2 Qg6 10. O-O Bh3 11. Bf3 h5 12. Nc2 O-O-O 13. b4 Bxe3 14. Nxe3 d5
15. exd5 f5 16. Kh1 Bg4 17. Qe2 Nxd5 18. Nxg4 Nxf3 19. Nxf3 hxg4 20. Nd4 Rxh2+
21. Kxh2 Qh5+ 22. Kg1 Nf4 23. Qe5 g5 24. Nb5 Ne2+ 25. Qxe2 Rh8 26. f4 Qh2+ 27.
Kf2 Qxf4+ 28. Ke1 Qg3+ 29. Kd2 Rd8+ 30. Kc2 a6 31. Nd4 Qd6 32. Nxf5 Qd7 33. Nd4
Qa4+ 34. Nb3 a5 35. Qe6+ Kb8 36. Qe7 Re8 37. Rf8 Rxf8 38. Qxf8+ Ka7 39. Qc5+
Kb8 40. Qxa5 Qe8 41. Qd5 Qg6+ 42. Kb2 Qe8 43. Rd1 Qe2+ 44. Rd2 1-0

[Event "Bayerische EM 2021 -  Frauen"]
[Site "Schney"]
[Date "2021.08.23"]
[Round "2.3"]
[White "Birke, Stefanie"]
[Black "Albayrak, Aylin"]
[Result "0-1"]
[WhiteElo "1543"]
[BlackElo "1697"]
[PlyCount "106"]
[EventDate "2021.??.??"]
[WhiteTeam "FC Nordhalben"]
[BlackTeam "SC N-T Nürnberg"]

1. Nf3 d5 2. g3 e6 3. Bg2 Nf6 4. O-O Be7 5. d3 O-O 6. Re1 c5 7. b3 Nc6 8. Nbd2
b5 9. c3 Bb7 10. Rb1 Rc8 11. e4 Qa5 12. Qc2 d4 13. cxd4 cxd4 14. Qb2 e5 15. a3
Ba6 16. b4 Qb6 17. Qa2 Rc7 18. h3 Bc8 19. Nb3 h6 20. Bd2 Be6 21. Qb2 Qb7 22.
Rec1 Qc8 23. Nc5 Bxh3 24. Bh1 Qg4 25. Be1 h5 26. Nh2 Qg6 27. Qe2 h4 28. Bf3
hxg3 29. fxg3 Nh7 30. Bg4 Bxg4 31. Qxg4 Bg5 32. Rc2 f5 33. exf5 Rxf5 34. Rf2
Rcf7 35. Ne4 Ne7 36. Nf3 Be3 37. Qxg6 Nxg6 38. Nd6 Bxf2+ 39. Bxf2 Rxf3 40. Nxf7
Kxf7 41. Rd1 Ng5 42. Kg2 Ke6 43. Rd2 Kf5 44. Rd1 Kg4 45. Rd2 Nh3 46. Be1 Re3
47. Rd1 Ne7 48. Kf1 Nf5 49. Rc1 Rxd3 50. Rc5 e4 51. Rxb5 Rxa3 52. Kg2 Ra2+ 53.
Kf1 Ne3# 0-1

[Event "Bayerische EM 2021 -  Frauen"]
[Site "Schney"]
[Date "2021.08.23"]
[Round "2.4"]
[White "Albayrak, Berrak"]
[Black "Homfeldt, Maren"]
[Result "1-0"]
[WhiteElo "1484"]
[BlackElo "1162"]
[PlyCount "43"]
[EventDate "2021.??.??"]
[WhiteTeam "SC N-T Nürnberg"]
[BlackTeam "SC N-T Nürnberg"]

1. e4 d6 2. Nc3 Nc6 3. d3 Nd4 4. Be3 c5 5. g3 Qa5 6. Bg2 e5 7. h3 g6 8. Nge2
Be6 9. O-O Ne7 10. f4 Nec6 11. Nd5 Nxe2+ 12. Qxe2 Bxd5 13. exd5 Nd4 14. Bxd4
cxd4 15. fxe5 Qc5 16. exd6+ Kd7 17. Rxf7+ Kd8 18. Rxf8+ Rxf8 19. Qe7+ Kc8 20.
Qxf8+ Kd7 21. Qe7+ Kc8 22. Qe8# 1-0

[Event "Bayerische EM 2021 -  Frauen"]
[Site "Schney"]
[Date "2021.08.23"]
[Round "3.1"]
[White "Birke, Stefanie"]
[Black "Spiel, Marianne"]
[Result "0-1"]
[WhiteElo "1543"]
[BlackElo "1869"]
[PlyCount "58"]
[EventDate "2021.??.??"]
[WhiteTeam "FC Nordhalben"]
[BlackTeam "FC Bayern München"]

1. Nf3 c5 2. g3 Nc6 3. Bg2 g6 4. c4 Bg7 5. O-O d6 6. Nc3 Nf6 7. d3 O-O 8. Bd2
Bg4 9. Qc1 Qd7 10. Re1 Rab8 11. a3 Bxf3 12. exf3 Rfe8 13. Ne4 Ne5 14. Qc2 Qf5
15. Nxf6+ Bxf6 16. Re3 b5 17. g4 Qd7 18. b3 bxc4 19. dxc4 Nxg4 20. fxg4 Bxa1
21. Bc3 Bxc3 22. Qxc3 Qxg4 23. Rg3 Qd4 24. Qc2 Rb6 25. h3 Reb8 26. Kh2 Qe5 27.
h4 Rxb3 28. Kg1 Rxg3 29. fxg3 Qxg3 0-1

[Event "Bayerische EM 2021 -  Frauen"]
[Site "Schney"]
[Date "2021.08.23"]
[Round "3.2"]
[White "Albayrak, Aylin"]
[Black "Albayrak, Berrak"]
[Result "0-1"]
[WhiteElo "1697"]
[BlackElo "1484"]
[PlyCount "70"]
[EventDate "2021.??.??"]
[WhiteTeam "SC N-T Nürnberg"]
[BlackTeam "SC N-T Nürnberg"]

1. d4 Nf6 2. c4 g6 3. Nc3 Bg7 4. e4 d6 5. Nf3 O-O 6. Be2 e5 7. d5 a5 8. a3 Na6
9. O-O Nc5 10. Qc2 Nh5 11. Be3 f5 12. b4 Na6 13. b5 f4 14. bxa6 fxe3 15. fxe3
b6 16. a4 Bxa6 17. Nb5 Bh6 18. Qd3 Nf6 19. Nd2 Qd7 20. Rf3 Rf7 21. Raf1 Raf8
22. Rg3 Qe7 23. Nf3 Nh5 24. Rg4 Bc8 25. Rh4 Rxf3 26. Bxf3 Qxh4 27. Nxc7 Qg5 28.
Kf2 Nf6 29. h3 Nxe4+ 30. Qxe4 Bf5 31. Ne6 Qe7 32. Nxf8 Bxe4 33. Bxe4 Qxf8+ 34.
Ke2 Qc8 35. Bd3 Qc5 0-1

[Event "Bayerische EM 2021 -  Frauen"]
[Site "Schney"]
[Date "2021.08.23"]
[Round "3.3"]
[White "Perez Celis, Alba"]
[Black "Racky, Selina"]
[Result "1-0"]
[WhiteElo "1860"]
[BlackElo "1309"]
[PlyCount "37"]
[EventDate "2021.??.??"]
[WhiteTeam "SK Bad Neustadt"]
[BlackTeam "SG Vogtareuth-Prutting"]

1. e4 e5 2. Nf3 Nc6 3. Bc4 Bc5 4. c3 Nf6 5. d3 h6 6. O-O O-O 7. Re1 Re8 8. Bb3
d5 9. Qe2 Bg4 10. h3 Bh5 11. Nbd2 d4 12. Nf1 Qd6 13. Ng3 Bxf3 14. Qxf3 Ne7 15.
Bd2 dxc3 16. bxc3 Qd7 17. Bxh6 Rad8 18. Nh5 Qc6 19. Bxg7 1-0

[Event "Bayerische EM 2021 -  Frauen"]
[Site "Schney"]
[Date "2021.08.23"]
[Round "3.4"]
[White "Braun, Kristin"]
[Black "Homfeldt, Maren"]
[Result "1-0"]
[WhiteElo "1925"]
[BlackElo "1162"]
[PlyCount "55"]
[EventDate "2021.??.??"]
[WhiteTeam "SC Jäklechemie Nbg."]
[BlackTeam "SC N-T Nürnberg"]

1. e4 e6 2. d4 Ne7 3. c4 Nec6 4. Nc3 Bb4 5. a3 Bxc3+ 6. bxc3 Na5 7. Nf3 c6 8.
Bf4 f6 9. Bd6 Qb6 10. Rb1 Qa6 11. c5 b5 12. cxb6 Nc4 13. Nd2 Qxa3 14. Bxa3 Nxa3
15. b7 Bxb7 16. Rxb7 Ke7 17. Qb3 Nc2+ 18. Qxc2 a6 19. e5 fxe5 20. dxe5 c5 21.
Qa4 Nc6 22. Qxc6 Rad8 23. Qd6+ Ke8 24. Bc4 Rf8 25. Bxe6 Rf4 26. Bxd7+ Kf7 27.
Bf5+ Ke8 28. Qe7# 1-0

[Event "Bayerische EM 2021 -  Frauen"]
[Site "Schney"]
[Date "2021.08.24"]
[Round "4.1"]
[White "Perez Celis, Alba"]
[Black "Birke, Stefanie"]
[Result "1-0"]
[WhiteElo "1860"]
[BlackElo "1543"]
[PlyCount "105"]
[EventDate "2021.??.??"]
[WhiteTeam "SK Bad Neustadt"]
[BlackTeam "FC Nordhalben"]

1. e4 e6 2. d4 b6 3. Nc3 Bb7 4. a3 a6 5. Nf3 d6 6. Bd3 h6 7. O-O Nd7 8. Re1 Ne7
9. Ne2 g6 10. Be3 Bg7 11. Qd2 c5 12. Ng3 Qc7 13. c3 g5 14. Nh5 Bf6 15. dxc5
bxc5 16. Rad1 g4 17. Nxf6+ Nxf6 18. Nh4 Bxe4 19. Bf4 Bxd3 20. Qxd3 Nfd5 21. Bg3
c4 22. Qe4 O-O-O 23. Rd4 Nb6 24. Qxg4 Qc6 25. Ree4 d5 26. Qf4 Kb7 27. Re1 Rdf8
28. Rb1 Ka7 29. b3 Qb5 30. Qc7+ Ka8 31. Qxe7 Na4 32. Qb4 Qxb4 33. cxb4 Nc3 34.
Rb2 cxb3 35. Kf1 Nb5 36. Rd3 Nxa3 37. Ra2 bxa2 38. Rxa3 a1=Q+ 39. Rxa1 Kb7 40.
Bd6 Ra8 41. Nf3 Rhd8 42. Bc5 Kc6 43. Ne5+ Kb7 44. Nxf7 Rd7 45. Nxh6 d4 46. Ng4
Rd5 47. Nf6 Rf5 48. Ne4 Rd5 49. Ke2 d3+ 50. Kd2 Kc6 51. h4 Kb7 52. g4 Rf8 53.
Bxf8 1-0

[Event "Bayerische EM 2021 -  Frauen"]
[Site "Schney"]
[Date "2021.08.24"]
[Round "4.2"]
[White "Braun, Kristin"]
[Black "Roos, Karin"]
[Result "1-0"]
[WhiteElo "1925"]
[BlackElo "1738"]
[PlyCount "79"]
[EventDate "2021.??.??"]
[WhiteTeam "SC Jäklechemie Nbg."]
[BlackTeam "FC Bayern München"]

1. e4 c5 2. Nf3 d6 3. d4 cxd4 4. Nxd4 Nf6 5. Nc3 a6 6. Qf3 g6 7. h3 Bg7 8. Bc4
Bd7 9. Bb3 Nc6 10. Be3 e6 11. O-O Rc8 12. Rad1 O-O 13. Rd2 Ne5 14. Qf4 Nh5 15.
Qh2 b5 16. a3 Qc7 17. Rfd1 Rfd8 18. Bg5 Bf6 19. Bxf6 Nxf6 20. Qf4 Kg7 21. Nf3
Bc6 22. Ng5 Qe7 23. Nf3 Nh5 24. Qe3 Nxf3+ 25. Qxf3 f5 26. Qe3 fxe4 27. Nxe4 d5
28. Ng5 Re8 29. Re1 e5 30. Bxd5 Bxd5 31. Rxd5 Rxc2 32. Red1 Nf6 33. Rd6 h6 34.
Ne4 Rf8 35. Nxf6 Rf7 36. Ng4 Qg5 37. Qxg5 hxg5 38. R6d2 Rxd2 39. Rxd2 e4 40.
Re2 1-0

[Event "Bayerische EM 2021 -  Frauen"]
[Site "Schney"]
[Date "2021.08.24"]
[Round "4.3"]
[White "Racky, Selina"]
[Black "Albayrak, Berrak"]
[Result "1-0"]
[WhiteElo "1309"]
[BlackElo "1484"]
[PlyCount "139"]
[EventDate "2021.??.??"]
[WhiteTeam "SG Vogtareuth-Prutting"]
[BlackTeam "SC N-T Nürnberg"]

1. d4 d6 2. Bf4 Nf6 3. e3 g6 4. Bd3 Bg7 5. h3 O-O 6. Nf3 c5 7. c3 cxd4 8. exd4
Nd5 9. Bh2 Nc6 10. O-O Qc7 11. Re1 a6 12. Be4 Nf6 13. Bxc6 bxc6 14. Nbd2 Rb8
15. Qc2 Bf5 16. Qc1 Rb7 17. b3 h5 18. Nh4 Be6 19. Ne4 Nxe4 20. Rxe4 Bd5 21. Re1
Qb6 22. Qd2 Kh7 23. Rad1 f6 24. Qc2 Bf7 25. c4 Qa5 26. Bf4 Rfb8 27. c5 Bh6 28.
Bxh6 Kxh6 29. cxd6 exd6 30. Re2 Qd5 31. Qd2+ Qg5 32. Qxg5+ Kxg5 33. Nf3+ Kh6
34. Nd2 d5 35. Rc1 Rc7 36. Nb1 Rbc8 37. Rec2 g5 38. Rc5 Kg7 39. Nc3 f5 40. g3
Kf6 41. Na4 g4 42. hxg4 fxg4 43. Nb6 Re8 44. Kf1 Rce7 45. Rxc6+ Kf5 46. Rc7
Rxc7 47. Rxc7 Be6 48. Rc1 Ke4 49. Rd1 Rh8 50. Na4 Bf7 51. Nc5+ Kf5 52. Re1 Ra8
53. Re5+ Kg6 54. Ke2 Re8 55. Rxe8 Bxe8 56. Ke3 a5 57. Nb7 a4 58. bxa4 Bxa4 59.
Nc5 Bc6 60. a4 Kf7 61. Kf4 Ke7 62. Kg5 Be8 63. a5 Kd6 64. a6 Kc7 65. Ne6+ Kb6
66. Nf4 Bc6 67. Kxh5 Kxa6 68. Kxg4 Kb5 69. Kf5 Kc4 70. Ke5 1-0

[Event "Bayerische EM 2021 -  Frauen"]
[Site "Schney"]
[Date "2021.08.24"]
[Round "4.4"]
[White "Homfeldt, Maren"]
[Black "Spiel, Marianne"]
[Result "0-1"]
[WhiteElo "1162"]
[BlackElo "1869"]
[PlyCount "54"]
[EventDate "2021.??.??"]
[WhiteTeam "SC N-T Nürnberg"]
[BlackTeam "FC Bayern München"]

1. g3 c5 2. c4 g6 3. d4 Bg7 4. Nf3 cxd4 5. Nxd4 Qb6 6. Nb5 a6 7. N5c3 Nf6 8.
Na4 Qc6 9. f3 d6 10. Qb3 Nbd7 11. Bh3 b5 12. Bxd7+ Bxd7 13. Nac3 bxc4 14. Qb4
O-O 15. Nd2 Be6 16. Na4 Rfb8 17. Qa3 Nd5 18. Ne4 Nb4 19. Kd1 Bf5 20. Nac3 d5
21. Nc5 Qxc5 22. e4 dxe4 23. Nxe4 Qd4+ 24. Nd2 Bc2+ 25. Ke2 Bd3+ 26. Kd1 Qf2
27. Re1 Bc2# 0-1